000 00849nam a22001937a 4500
005 20241029123153.0
010 _aHIN-128736
020 _a97893918224777
_c950.00
035 _aHN-101082
037 _bDBAD/PUB.
082 _a921
100 _aचतुर्वेदी, सुधांशु
_973621
245 _aनियति-चक्र/
_cसुधांशु चतुर्वेदी
250 _aप्रथम
260 _bओम पब्लिशिंग कम्पनी
_aदिल्ली
_c2022
270 _aएफ-7, गली नं.-1, दिवितीय तल, पंचशील गार्डन एक्स., नवीन शाहदरा,
_bदिल्ली
300 _a348पृ
_c23सेमी (सजिल्द)
942 _adpl
_cHN
_2ddc
_h921
_mचतुर्वे
999 _c206850
_d206850